Statistiques concernant Les 10 Capitales les plus proches d'Anchorage (Alaska)

Cliquez ici pour prendre le quiz!

Statistiques générales

  • Ce quiz a été pris 56 fois
  • Le résultat moyen est 7 sur 10

Statistiques - réponses

Réponse% Correct
Washington
100%
Ottawa
98%
Mexico
94%
Tokyo
85%
Séoul
83%
Pékin
80%
Pyongyang
72%
Oulan-Bator
57%
Reykjavik
43%
Oslo
33%

Distribution des résultats

Percentile par nombre de réponses

% des personnes avec chaque résultat

Votre développement - résultats

Vous n’avez pas pris ce quiz